[Event "Fide Inter Con Cup U18"]
[Site "Tornelo INT"]
[Date "2020.10.10"]
[Round "2"]
[White "Pachari Meza, Luciana Maribel"]
[Black "Zenzile, Amahle"]
[Result "0-1"]
[WhiteElo "1036"]
[BlackElo "1319"]
[PlyCount "108"]
[EventDate "2020.10.10"]
[EventType "swiss (rapid)"]
[EventRounds "6"]
[EventCountry "NET"]
[SourceTitle "EXT 2022"]
[Source "ChessBase"]
[SourceDate "2021.10.06"]
[SourceVersion "1"]
[SourceVersionDate "2021.10.06"]
[SourceQuality "1"]

1. d4 d5 2. Bf4 Nf6 3. e3 Nc6 4. c3 Bg4 5. Qb3 Rb8 6. h3 Bd7 7. Nf3 e6 8. Be2 g6 9. 0-0 Bg7 10. Nbd2 0-0 11. Qc2 Re8 12. Rfe1 Rc8 13. Rad1 Ne7 14. Nb3 Ba4 15. Rc1 Ne4 16. Nfd2 Nxd2 17. Qxd2 Bxb3 18. axb3 c5 19. Bd3 Qb6 20. Bc2 cxd4 21. exd4 Nf5 22. b4 a6 23. Bh2 Bh6 24. Bf4 Bg7 25. b3 Rc6 26. Bxf5 gxf5 27. Kh2 Rec8 28. Re3 Kf8 29. Ree1 Qc7 30. Bxc7 R8xc7 31. Qe3 Ke7 32. Qg5+ Bf6 33. Qe3 Rc8 34. f4 Bh4 35. g3 Bf6 36. Red1 Bg7 37. Rg1 Bh6 38. Qf3 Rg8 39. c4 dxc4 40. Rxc4 Rxc4 41. bxc4 Rc8 42. c5 Bg7 43. Rd1 Bf6 44. Qxb7+ Kd8 45. Qb6+ Rc7 46. Qxa6 Kd7 47. Qd6+ Kc8 48. b5 Rd7 49. Qc6+ Rc7 50. Qe8+ Bd8 51. c6 Re7 52. Qg8 Ra7 53. Rd2 Rc7 54. Rc2 Ra7 0-1

[Event "Fide Inter Con Cup U18"]
[Site "Tornelo INT"]
[Date "2020.10.10"]
[Round "4"]
[White "Pachari Meza, Luciana Maribel"]
[Black "Zhapova, Yana"]
[Result "0-1"]
[WhiteElo "1036"]
[BlackElo "1828"]
[PlyCount "40"]
[EventDate "2020.10.10"]
[EventType "swiss (rapid)"]
[EventRounds "6"]
[EventCountry "NET"]
[SourceTitle "EXT 2022"]
[Source "ChessBase"]
[SourceDate "2021.10.06"]
[SourceVersion "1"]
[SourceVersionDate "2021.10.06"]
[SourceQuality "1"]

1. d4 d5 2. Bf4 Nf6 3. Nf3 c5 4. e3 Nc6 5. Be2 cxd4 6. exd4 Bg4 7. c3 e6 8. Qc2 Be7 9. Nbd2 a6 10. h3 Bxf3 11. Nxf3 b5 12. 0-0 0-0 13. Ng5 h6 14. Nf3 Rc8 15. Rfd1 Qb6 16. Rd3 Nb4 17. Qd2 Nxd3 18. Qxd3 Ne4 19. Rd1 Rfd8 20. Qc2 b4 0-1